000 00969nam a22002177a 4500
999 _c21359
_d21359
003 AR-CdUCM
008 190416b ||||| |||| 00| 0 spa d
040 _aMUNICIPALIDAD PROVINCIAL DEL CUSCO
_cBIBLIOTECA MUNICIPAL DEL CUSCO
082 _a132.985/L18Q
_bL18Q
100 _aLajo Lazo, Javier
_944544
245 _aQhapaq Ñan la ruta Inka de Sabiduría /
_cJavier Lajo
260 _aLima ;
_bAmaro runa,
_c2005.
300 _a212 Páginas. :
_c25 cm.
505 _aContenido: Por el camino de los Qhapaq siguiendo la huella -- El Yanantin primera ley de pensamiento andino la dualidad complementaria -- El Tinkuy la segunda ley del pensamiento andino un cuadralo y un circulo proporcionales -- La tawa chakana la vincularidad o método de la cosmovisión andina ...
650 _aFilosofía Inka
_930169
650 _aSabiduría Inka
_944545
650 _aFilosofía andina
_911655
650 _aLiteratura andina
_915188
942 _2ddc
_cLIBROS
945 _aRoel